Lady Gaga Uk Top 75 Singles - Statistics

General Stats
  • This quiz has been taken 103 times
    54 since last reset
  • The average score is 24 of 31
Answer Stats
Chart Position Year Featuring Answer % Correct
#1 2009 Bad Romance
100%
#1 2009 Poker Face
98%
#1 2020 Ariana Grande Rain on Me
98%
#1 2018 Bradley Cooper Shallow
98%
#1 2010 Beyonce Telephone
98%
#1 2009 Colby O Donis Just Dance
96%
#4 2024 Bruno Mars Die With a Smile
91%
#7 2010 Alejandro
89%
#3 2011 Born This Way
87%
#5 2013 Applause
85%
#17 2020 Blackpink Sour Candy
85%
#8 2011 Judas
83%
#4 2009 Paparazzi
83%
#19 2009 Lovegame
80%
#39 2016 Million Reasons
78%
#12 2016 Perfect Illusion
78%
#5 2020 Stupid Love
78%
#9 2013 R Kelly Do What U Want
74%
#6 2011 The Edge of Glory
74%
#25 2018 Always Remember Us This Way
72%
#16 2011 Marry the Night
72%
#66 2016 A-YO
70%
#23 2011 You and I
67%
#24 2022 Hold My Hand
63%
#68 2010 Monster
59%
#19 2017 The Cure
59%
#27 2018 I'll Never Love Again
54%
#29 2020 Alice
52%
#22 2022 Bloody Mary
52%
#13 2011 Hair
50%
#12 2009 Wale Chillin
41%
No matching quizzes found
Score Distribution
Percent of People with Each Score
Percentile by Number Answered
Your Score History
You have not taken this quiz since the last reset